[Event "Turniej Niepodleglosci 2021"]
[Site "Warsaw POL"]
[Date "2021.11.11"]
[Round "9.12"]
[White "Nurkiewicz, Maciej"]
[Black "Rudzinska, Michalina"]
[Result "1/2-1/2"]
[WhiteElo "2257"]
[BlackElo "1888"]

1. d4 Nf6 2. c4 e6 3. Nf3 c5 4. d5 exd5 5. cxd5 d6 6. Nc3 g6 7. e4 Bg7 8.
Bd3 O-O 9. O-O Bg4 10. h3 Bxf3 11. Qxf3 a6 12. a4 Nbd7 13. Bf4 Qe7 14. Rac1
Nh5 15. Bh2 Ne5 16. Qe2 Rfe8 17. Rce1 Nxd3 18. Qxd3 Rac8 19. g4 Nf6 20. e5
dxe5 21. Bxe5 Qd7 22. Qf3 Rxe5 23. Rxe5 Nxg4 24. Re2 Ne5 25. Qg3 Qf5 26. f4
Nc4 27. Rd1 Rd8 28. Kh2 h5 29. Qg5 Qxg5 30. fxg5 Be5+ 31. Kg2 Bf4 32. Kf3
Bxg5 33. Ne4 Be7 34. b3 Ne5+ 35. Kf4 f6 36. d6 Kf7 37. Red2 Bf8 38. Nxc5
Bh6+ 39. Ke4 Bxd2 40. Rxd2 b6 41. Nxa6 Ke6 42. Nc7+ Kd7 43. Nd5 Ke6 44.
Nc7+ Kd7 45. Kd5 Nf7 46. Nb5 Rc8 47. b4 Re8 48. Rf2 Re5+ 49. Kd4 f5 50. Rg2
Re4+ 51. Kd5 Re5+ 52. Kd4 Re4+ 53. Kd5 g5 54. Rc2 Re5+ 55. Kd4 Ke6 56. Rc6
Rd5+ 57. Ke3 Nxd6 58. Nd4+ Kd7 59. b5 f4+ 60. Kd3 Nf5 61. Ke4 Nxd4 62. Rxb6
Kc7 63. Kxd5 Kxb6 64. Kxd4 g4 65. hxg4 hxg4 66. Ke4 g3 67. Kf3 Ka5 68. Kg2
1/2-1/2